000 00255nam a2200109Ia 4500
008 190902s9999||||xx |||||||||||||| ||und||
100 _aRonald W.Hilton
245 0 _aManagerial Accounting
260 _aIndia
_bS. Chand
_c2003
300 _a250
942 _cBK
999 _c2666
_d2666